Statistiques concernant NBA Finals MVP

Cliquez ici pour prendre le quiz!

Statistiques générales

  • Ce quiz a été pris 131 fois
  • Le résultat moyen est 12 sur 15

Statistiques - réponses

HintRéponse% Correct
2020Lebron James
95%
2016Lebron James
95%
2013Lebron James
95%
2012Lebron James
95%
2023Nikola Jokic
89%
2018Kevin Durant
86%
2017Kevin Durant
86%
2019Kawhi Leonard
82%
2021Giannis Antetokounmpo
81%
2015Andre Iguodala
77%
2010Kobe Bryant
77%
2009Kobe Bryant
77%
2011Dirk Nowitzki
75%
2022Steph Curry
54%
2014Kawhi Leoanrd
3%

Distribution des résultats

Percentile par nombre de réponses

% des personnes avec chaque résultat

Votre développement - résultats

Vous n’avez pas pris ce quiz